Landy en feat - Statistiques

Statistiques générales
  • Ce quiz a été pris 11 fois
    3 depuis la dernière actualisation
  • Le résultat moyen est 7 sur 20
Statistiques - réponses
Projet Titre Artiste % Correct
Brave Mental Ronisia
100%
Assa Baing Muerte Dadju
67%
Brave Maybach Gazo
67%
Brave Chaque jour Leto
67%
A-One Millions d'euros Niska
67%
Brave Chaque jour Rsko
67%
Brave Corzaon SDM
67%
Sombre mélodie Ronnie Kray Tiakola
67%
Sombre mélodie R.I.P Genezio
33%
Sombre mélodie Ko Samui IDS
33%
Sombre mélodie Fast Life Keblack
33%
Sombre mélodie R.I.P R2
33%
Sombre mélodie Rolling Stones DJ Maline
0%
Assa Baing Associations de malfaiteurs Heuss l'Enfoiré
0%
Assa Baing Chasse à l'homme Jul
0%
A-One Prends ta paye Koba la D
0%
Assa Baing DLV Marwa Loud
0%
Assa Baing On à ça Naza
0%
A-One Enfants Terribles Ninho
0%
A-One Ma Werss Soolking
0%
Aucun quiz correspondant
Distribution des résultats
% des personnes avec chaque résultat
Percentile par nombre de réponses
Votre historique - résultats
Vous n’avez pas pris ce quiz depuis la dernière actualisation